000 00557nam a22001937a 4500
005 20140421150144.0
010 _aENG-109314
020 _a9789350450406
_c400.00
035 _aEN-92847
037 _bDBAD/PUB
082 _a954.88
100 _aGupta, Protiva
245 _aGreen islands of the Andamans and Nicobars /
_cby Protiva Gupta
260 _aKolkata
_bWriters Workshop
_c2013
270 _a162/92 Lake Gardens
_bKolkata
_e700045
300 _a287p.
_c22cm(Hb)
500 _aIncludes index
942 _2ddc
_cEN
_mGUP
_h954.88
999 _c82547
_d82547